| 000 | 00818cam a22002775a 4500 | ||
|---|---|---|---|
| 001 | 14660824 | ||
| 005 | 20171119120725.0 | ||
| 008 | 061208r20142006enk frb 001 0 eng d | ||
| 020 | _a9780199290376 | ||
| 040 |
_aDLC _cDLC _beng _dEG-ScBUE |
||
| 043 | _ae-uk--- | ||
| 082 | 0 | 4 |
_222 _a346.4203 _bWEI |
| 100 | 1 | _aWeir, Tony. | |
| 245 | 1 | 3 |
_aAn introduction to tort law / _cTony Weir. |
| 250 | _a2nd ed., Reprint ed. | ||
| 260 |
_aOxford ; _aNew York : _bOxford University Press, _c2014. |
||
| 300 |
_axxviii, 236 p. ; _c22 cm. |
||
| 490 | 0 | _aClarendon law series | |
| 500 | _aReprinted of 2006 ed. | ||
| 504 | _aIncludes bibliographical references and index. | ||
| 650 | 7 |
_aTorts _zGreat Britain. _2BUEsh |
|
| 651 | _2BUEsh | ||
| 653 |
_bLLAAWW _cNovember2017 |
||
| 655 |
_vReading book _934232 |
||
| 942 | _2ddc | ||
| 999 |
_c25611 _d25583 |
||